<?xml version="1.0" encoding="UTF-8"?>
<marc:record xmlns:marc="http://www.loc.gov/MARC21/slim">
   <marc:leader>00000nam a2200000 a 4500</marc:leader>
   <marc:datafield ind1="1" ind2=" " tag="100">
      <marc:subfield code="a">Enrique Urbizu</marc:subfield>
      <marc:subfield code="4">aut</marc:subfield>
      <marc:subfield code="e">Verfasser/-in</marc:subfield>
   </marc:datafield>
   <marc:datafield ind1=" " ind2=" " tag="653">
      <marc:subfield code="a">Teufel</marc:subfield>
   </marc:datafield>
   <marc:datafield ind1=" " ind2=" " tag="653">
      <marc:subfield code="a">Buch</marc:subfield>
   </marc:datafield>
   <marc:datafield ind1="0" ind2="0" tag="245">
      <marc:subfield code="a">Die neun Pforten</marc:subfield>
   </marc:datafield>
   <marc:datafield ind1="0" ind2="0" tag="245">
      <marc:subfield code="c">Enrique Urbizu</marc:subfield>
   </marc:datafield>
   <marc:datafield ind1=" " ind2="1" tag="264">
      <marc:subfield code="a">Leipzig</marc:subfield>
      <marc:subfield code="b">Studiokanal</marc:subfield>
      <marc:subfield code="c">2000</marc:subfield>
   </marc:datafield>
   <marc:datafield ind1="1" ind2=" " tag="520">
      <marc:subfield code="a">Der Bücherjäger Dean Corso wird von dem Sammler Boris Balkan angeheuert, ein Buch mit dem mysteriösen Titel "Die Neun Pforten ins Reich der Schatten" ausfindig zu machen. Es heißt, bei einem der drei existierenden Exemplare dieses Buches hat der Teufel selbst seine Finger im Spiel gehabt. Während seiner Reisen nach New York, Toledo, Paris und Cintra dringt Corso immer tiefer in ein Labyrinth aus Fallen, Versuchungen, mysteriösen Begegnungen, Gewalt und Tod. Verfolgt von einer mörderischen Furie, beschützt von einem mysteriösen Wesen und geleitet von einer ihm unerklärlichen Kraft gelingt es Corso nicht nur die Rätsel des Buches zu lösen. Bald erkennt er auch den wahren Grund für seine gefährliche Mission...</marc:subfield>
   </marc:datafield>
   <marc:datafield ind1=" " ind2=" " tag="020">
      <marc:subfield code="a">4010232004376</marc:subfield>
      <marc:subfield code="9">4010232004376</marc:subfield>
   </marc:datafield>
   <marc:datafield ind1="0" ind2=" " tag="490">
      <marc:subfield code="v">0</marc:subfield>
   </marc:datafield>
   <marc:datafield ind1=" " ind2=" " tag="542">
      <marc:subfield code="d">Roman Polanski</marc:subfield>
   </marc:datafield>
   <marc:datafield ind1=" " ind2=" " tag="300">
      <marc:subfield code="a">128 Min.</marc:subfield>
   </marc:datafield>
</marc:record>
